| 000 | 01383nam a22003494a 4500 | ||
|---|---|---|---|
| 001 | ebr5003248 | ||
| 003 | CaPaEBR | ||
| 006 | m u | ||
| 007 | cr cn||||||||| | ||
| 008 | 990405s2000 cau sb 001 0 eng | ||
| 010 | _z 99027865 | ||
| 020 | _z0520211103 (alk. paper) | ||
| 040 |
_aCaPaEBR _cCaPaEBR |
||
| 035 | _a(OCoLC)70737880 | ||
| 050 | 1 | 4 |
_aBS1225.5 _b.P37 2000eb |
| 082 | 0 | 4 |
_a296.3/1172 _221 |
| 100 | 1 | _aPardes, Ilana. | |
| 245 | 1 | 4 |
_aThe biography of ancient Israel _h[electronic resource] : _bnational narratives in the Bible / _cIlana Pardes. |
| 260 |
_aBerkeley : _bUniversity of California Press, _cc2000. |
||
| 300 | _axi, 211 p. | ||
| 490 | 1 |
_aContraversions ; _v14 |
|
| 504 | _aIncludes bibliographical references (p. 183-194) and index. | ||
| 533 |
_aElectronic reproduction. _bPalo Alto, Calif. : _cebrary, _d2013. _nAvailable via World Wide Web. _nAccess may be limited to ebrary affiliated libraries. |
||
| 630 | 0 | 0 |
_aBible. _pO.T. _pPentateuch _xHistoriography. |
| 630 | 0 | 0 |
_aBible. _pO.T. _pPentateuch _xHistory of Biblical events. |
| 650 | 0 | _aBible as literature. | |
| 650 | 0 | _aJewish nationalism. | |
| 655 | 7 |
_aElectronic books. _2local |
|
| 710 | 2 | _aebrary, Inc. | |
| 830 | 0 |
_aContraversions ; _v14. |
|
| 856 | 4 | 0 |
_uhttp://site.ebrary.com/lib/rucke/Doc?id=5003248 _zAn electronic book accessible through the World Wide Web; click to view |
| 999 |
_c1834 _d1834 |
||